000 00457pam a2200157 a 4500
020 _a9780309052825
_c
041 _aeng
082 _a660.62
_bRUD
100 _aRudolph, F B.
245 _aBiotechnology : Science, Engineering, and Ethical Challenges for the 21 st Century
_hTextual Documents
260 _aWashington:
_bJoseph Henry Press,
_c1996.
300 _a278.
653 _aBiotechnology/Bioengineering
700 _aMcintire, L V.
930 _a2422
999 _c75705
_d75705